[Event "COL-ch Visually impaired"]
[Site "Cartagena"]
[Date "2019.12.05"]
[Round "5.4"]
[White "Alba, German David"]
[Black "Jaimes, Fredy Alexander"]
[Result "0-1"]
[WhiteElo "1713"]
[BlackElo "1844"]
[PlyCount "64"]
[EventDate "2019.12.03"]
[EventType "swiss"]
[EventRounds "6"]
[EventCountry "COL"]
[SourceTitle "EXT 2024"]
[Source "ChessBase"]
[SourceDate "2023.10.10"]
[SourceVersion "1"]
[SourceVersionDate "2023.10.10"]
[SourceQuality "1"]

1. d4 d5 2. c4 dxc4 3. e4 Nf6 4. Nc3 e6 5. Bxc4 c5 6. Nf3 a6 7. 0-0 Be7 8. Be3 cxd4 9. Nxd4 0-0 10. f4 b5 11. Bb3 b4 12. Na4 Bb7 13. e5 Nd5 14. Qd3 Nxe3 15. Qxe3 Nd7 16. Rad1 Bd5 17. Bxd5 exd5 18. Nc6 Qe8 19. Nxe7+ Qxe7 20. Rxd5 Nf6 21. Rd6 Ng4 22. Qe2 Qa7+ 23. Kh1 Ne3 24. Rf3 Nf5 25. Nb6 Rad8 26. Nc4 Nxd6 27. exd6 Rfe8 28. Qd1 Re4 29. b3 Rde8 30. h3 Re1+ 31. Qxe1 Rxe1+ 32. Kh2 Qg1+ 0-1

[Event "COL-ch Visually impaired"]
[Site "Cartagena"]
[Date "2019.12.04"]
[Round "3.2"]
[White "Rosales, Jhon Mike"]
[Black "Alba, German David"]
[Result "1-0"]
[WhiteElo "1644"]
[BlackElo "1713"]
[PlyCount "57"]
[EventDate "2019.12.03"]
[EventType "swiss"]
[EventRounds "6"]
[EventCountry "COL"]
[SourceTitle "EXT 2024"]
[Source "ChessBase"]
[SourceDate "2023.10.10"]
[SourceVersion "1"]
[SourceVersionDate "2023.10.10"]
[SourceQuality "1"]

1. e4 d6 2. d4 c6 3. Be3 e5 4. dxe5 dxe5 5. Nf3 f6 6. Qxd8+ Kxd8 7. Bc4 Nd7 8. Nc3 Bb4 9. Bd2 b5 10. Bd3 Nc5 11. 0-0 Nxd3 12. cxd3 Bg4 13. Rfd1 Ke8 14. Nxb5 Bxd2 15. Nc7+ Kd7 16. Nxa8 Bf4 17. d4 Bxf3 18. gxf3 Kc8 19. dxe5 Bxe5 20. Rd2 Nh6 21. Rad1 g5 22. Rd7 Bb8 23. Rg7 Rf8 24. Rdd7 f5 25. Nc7 fxe4 26. Na6 Nf5 27. Rxh7 Nh4 28. Rb7 Nxf3+ 29. Kh1 1-0

[Event "COL-ch Visually impaired"]
[Site "Cartagena"]
[Date "2019.12.03"]
[Round "1.10"]
[White "Castillo Castellanos, David"]
[Black "Alba, German David"]
[Result "0-1"]
[WhiteElo "1403"]
[BlackElo "1713"]
[PlyCount "90"]
[EventDate "2019.12.03"]
[EventType "swiss"]
[EventRounds "6"]
[EventCountry "COL"]
[SourceTitle "EXT 2024"]
[Source "ChessBase"]
[SourceDate "2023.10.10"]
[SourceVersion "1"]
[SourceVersionDate "2023.10.10"]
[SourceQuality "1"]

1. d4 Nf6 2. c4 c6 3. Nc3 d5 4. Nf3 e6 5. e3 Be7 6. Bd2 0-0 7. Be2 Nbd7 8. cxd5 exd5 9. Qc2 Re8 10. Bd3 Bd6 11. h3 Nf8 12. Bf5 Be6 13. Ng5 g6 14. Bxe6 Nxe6 15. Nxe6 Rxe6 16. Qd3 a5 17. a3 Kg7 18. 0-0 Ne4 19. Nxe4 dxe4 20. Qe2 b5 21. b3 h5 22. Bc3 Kh6 23. Rfd1 f5 24. d5 cxd5 25. Rxd5 Bh2+ 26. Kxh2 Qxd5 27. Qd1 Rd6 28. Qxd5 Rxd5 29. Be1 a4 30. bxa4 bxa4 31. Rb1 Rd3 32. Bb4 Rc8 33. g3 Rc2 34. Bf8+ Kh7 35. Kg2 Rxe3 36. Kf1 Rf3 37. Kg1 Rfxf2 38. g4 Rg2+ 39. Kh1 Rh2+ 40. Kg1 Rcg2+ 41. Kf1 Rh1+ 42. Kxg2 Rxb1 43. gxf5 gxf5 44. Kg3 Kg6 45. Bb4 f4+ 0-1

[Event "Bogota Distrital-ch 78th"]
[Site "Bogota"]
[Date "2016.04.08"]
[Round "1"]
[White "Salcedo, Jackeline"]
[Black "Alba, German David"]
[Result "1/2-1/2"]
[WhiteElo "1945"]
[BlackElo "1674"]
[PlyCount "32"]
[EventDate "2016.04.08"]
[EventType "swiss"]
[EventRounds "6"]
[EventCountry "COL"]
[SourceTitle "CBM 172 Extra"]
[Source "ChessBase"]
[SourceDate "2016.06.21"]
[SourceVersion "1"]
[SourceVersionDate "2016.06.21"]
[SourceQuality "1"]

1. d4 Nf6 2. c4 c6 3. Nc3 d5 4. cxd5 cxd5 5. Nf3 Bd7 6. Bf4 g6 7. e3 Bg7 8. Bd3 0-0 9. 0-0 a6 10. Rc1 b5 11. h3 Nc6 12. Ne5 e6 13. Nxc6 Bxc6 14. a3 Bb7 15. b4 Qb6 16. Nb1 Rac8 1/2-1/2

[Event "Gobernacion op"]
[Site "Gobernacion"]
[Date "2015.11.30"]
[Round "5"]
[White "Alba, German David"]
[Black "Daza, Fernando"]
[Result "1/2-1/2"]
[WhiteElo "1674"]
[BlackElo "1860"]
[PlyCount "166"]
[EventDate "2015.11.28"]
[EventType "swiss"]
[EventRounds "7"]
[EventCountry "COL"]
[SourceTitle "EXT 2017"]
[Source "ChessBase"]
[SourceDate "2016.10.25"]
[SourceVersion "1"]
[SourceVersionDate "2016.10.25"]
[SourceQuality "1"]

1. e4 d6 2. d4 Nf6 3. Nc3 g6 4. Be2 Bg7 5. Bf3 0-0 6. Be3 c6 7. h4 h5 8. Qd2 b5 9. Nxb5 cxb5 10. e5 d5 11. exf6 Bxf6 12. Ne2 e6 13. Bg5 Nd7 14. g4 Bxg5 15. hxg5 hxg4 16. Bxg4 Kg7 17. Nf4 Rh8 18. 0-0-0 Nb6 19. b3 Bd7 20. Qe3 Qc7 21. Kb1 Rac8 22. Qe5+ Qxe5 23. dxe5 Rxh1 24. Rxh1 Rh8 25. Rd1 Rh4 26. f3 Be8 27. Kb2 a5 28. a3 Rh2 29. Kb1 Rf2 30. Kc1 Rh2 31. Rd3 a4 32. Rc3 axb3 33. cxb3 Rh1+ 34. Kb2 Rh2+ 35. Rc2 Rxc2+ 36. Kxc2 Kf8 37. Kc3 Ke7 38. Kb4 Na8 39. Nd3 Nc7 40. f4 Kd8 41. Nc5 Bc6 42. Bf3 Kc8 43. Ka5 Be8 44. Kb4 Kb8 45. a4 bxa4 46. bxa4 Ka7 47. Nb3 Kb7 48. Be2 Bd7 49. a5 Be8 50. Nc5+ Ka7 51. a6 Bc6 52. Nb3 Kb6 53. Nd4 Bd7 54. Bd3 Be8 55. a7 Bd7 56. Bb5 Bxb5 57. a8N+ Nxa8 58. Nxb5 Nc7 59. Nd6 d4 60. Kc4 Nd5 61. Kxd4 Nxf4 62. Nxf7 Nh3 63. Ke4 Kc7 64. Kf3 Kd7 65. Kg3 Ng1 66. Nh8 Ne2+ 67. Kg4 Nd4 68. Nxg6 Nc6 69. Kf4 Ke8 70. Ke4 Kf7 71. Nf4 Ne7 72. Kf3 Nc6 73. Nd3 Ne7 74. Kg4 Ng6 75. Kh5 Kg7 76. Nc5 Nxe5 77. Nxe6+ Kf7 78. Nd4 Kg7 79. Ne6+ Kf7 80. Nc5 Kg7 81. Ne6+ Kf7 82. Nf4 Nf3 83. Kg4 Nxg5 1/2-1/2

[Event "Gobernacion op"]
[Site "Gobernacion"]
[Date "2015.11.29"]
[Round "3"]
[White "Alba, German David"]
[Black "Sanchez, Carlos Andres"]
[Result "1-0"]
[WhiteElo "1674"]
[BlackElo "1758"]
[PlyCount "94"]
[EventDate "2015.11.28"]
[EventType "swiss"]
[EventRounds "7"]
[EventCountry "COL"]
[SourceTitle "EXT 2017"]
[Source "ChessBase"]
[SourceDate "2016.10.25"]
[SourceVersion "1"]
[SourceVersionDate "2016.10.25"]
[SourceQuality "1"]

1. e4 c5 2. Nf3 e6 3. Be2 d5 4. d3 dxe4 5. dxe4 Qxd1+ 6. Bxd1 Nc6 7. c3 Nf6 8. e5 Ng4 9. Bf4 Be7 10. Nbd2 f6 11. Nc4 0-0 12. Bg3 fxe5 13. h3 Nh6 14. Ncxe5 Nxe5 15. Bxe5 Nf7 16. Bg3 Bd6 17. Bxd6 Nxd6 18. 0-0 Bd7 19. Ne5 Rad8 20. Bg4 Bc8 21. Rad1 Nf7 22. f4 Nxe5 23. fxe5 Rxf1+ 24. Kxf1 Rxd1+ 25. Bxd1 Kf7 26. Kf2 Bd7 27. Ke3 Bc6 28. g4 g5 29. Bc2 h6 30. Bd3 Bg2 31. Kf2 Bc6 32. Kg3 b5 33. h4 c4 34. Be2 Be4 35. h5 Ke7 36. Kf2 Kd7 37. Ke3 Bb1 38. Kd4 Kc6 39. a4 a6 40. a5 Bd3 41. Bxd3 cxd3 42. Kxd3 Kd5 43. b4 Kxe5 44. c4 Kd6 45. cxb5 axb5 46. Kd4 e5+ 47. Ke4 Ke6 1-0